Selected Works Of M। N। Roy (Record no. 1240269)

MARC details
000 -LEADER
fixed length control field 00509nam a2200193Ia 4500
008 - FIXED-LENGTH DATA ELEMENTS--GENERAL INFORMATION
fixed length control field 151121s9999||||xx |||||||||||||| ||und||
082 ## - DEWEY DECIMAL CLASSIFICATION NUMBER
Classification number 300/RAY
082 ## - DEWEY DECIMAL CLASSIFICATION NUMBER
Item number HNW-58419
100 ## - MAIN ENTRY--PERSONAL NAME
Personal name Ray Sibnarayan
245 ## - TITLE STATEMENT
Title Selected Works Of M। N। Roy
260 ## - PUBLICATION, DISTRIBUTION, ETC. (IMPRINT)
Name of publisher, distributor, etc "Oxford University Press, Delhi"
260 ## - PUBLICATION, DISTRIBUTION, ETC. (IMPRINT)
Date of publication, distribution, etc --
300 ## - PHYSICAL DESCRIPTION
Extent 666
600 ## - SUBJECT ADDED ENTRY--PERSONAL NAME
Personal name Ray Sibnarayan
630 ## - SUBJECT ADDED ENTRY--UNIFORM TITLE
Uniform title Selected Works Of M। N। Roy
700 ## - ADDED ENTRY--PERSONAL NAME
Personal name Ray Sibnarayan
730 ## - ADDED ENTRY--UNIFORM TITLE
Uniform title Selected Works Of M। N। Roy
942 ## - ADDED ENTRY ELEMENTS (KOHA)
Koha item type Book
Holdings
Withdrawn status Lost status Damaged status Not for loan Home library Current library Date acquired Total Checkouts Full call number Barcode Date last seen Price effective from Koha item type
        Hirachand Nemchand Wachanalaya, Solapur Hirachand Nemchand Wachanalaya, Solapur 11/21/2015   HNW-58419 HNW-58419 11/21/2015 11/21/2015 Book